| 000 | 01447nam a2200373 a 4500 | ||
|---|---|---|---|
| 001 | ebr10158081 | ||
| 003 | CaPaEBR | ||
| 006 | m u | ||
| 007 | cr cn||||||||| | ||
| 008 | 051220s2006 nyu sb 001 0 eng | ||
| 010 | _z 2005057636 | ||
| 015 |
_aGBA668457 _2bnb |
||
| 016 | 7 |
_z013527362 _2Uk |
|
| 020 | _z1403969655 (alk. paper) | ||
| 020 | _z9781403969651 | ||
| 040 |
_aCaPaEBR _cCaPaEBR |
||
| 035 | _a(OCoLC)133168655 | ||
| 050 | 1 | 4 |
_aPR6045.O72 _bZ6275 2006eb |
| 082 | 0 | 4 |
_a823/.912 _222 |
| 100 | 1 | _aFernald, Anne E. | |
| 245 | 1 | 0 |
_aVirginia Woolf _h[electronic resource] : _bfeminism and the reader / _cAnne E. Fernald. |
| 250 | _a1st ed. | ||
| 260 |
_aNew York : _bPalgrave Macmillan, _c2006. |
||
| 300 | _axii, 223 p. | ||
| 504 | _aIncludes bibliographical references (p. [199]-215) and index. | ||
| 533 |
_aElectronic reproduction. _bPalo Alto, Calif. : _cebrary, _d2013. _nAvailable via World Wide Web. _nAccess may be limited to ebrary affiliated libraries. |
||
| 600 | 1 | 0 |
_aWoolf, Virginia, _d1882-1941 _xCriticism and interpretation. |
| 600 | 1 | 0 |
_aWoolf, Virginia, _d1882-1941 _xKnowledge and learning. |
| 600 | 1 | 0 |
_aWoolf, Virginia, _d1882-1941 _xBooks and reading. |
| 650 | 0 | _aFeminism in literature. | |
| 655 | 7 |
_aElectronic books. _2local |
|
| 710 | 2 | _aebrary, Inc. | |
| 856 | 4 | 0 |
_uhttp://site.ebrary.com/lib/rucke/Doc?id=10158081 _zAn electronic book accessible through the World Wide Web; click to view |
| 999 |
_c134478 _d134478 |
||